000 00521nam a2200169 i 4500
001 104342
003 ES-MaACL
005 20230906183557.0
007 t|
008 051128s1969 sp ||||1| spa d
130 4 _aLas mil y una noches.
_lEspañol.
_9122464
245 1 4 _aLas mil y una noches /
_cAnónimo; adaptación Luis Cayón Fernández.
260 _aMadrid :
_bLibrería Universal,
_c1969.
300 _a133 p. ;
_c17 cm.
700 1 _aCayón Fernández, Luis.
_937213
852 _aES-MaACL
_jC-53566
_bR.72283
999 _c104342
_d104342